Sams teach yourself UML in 24 hours
Guardado en:
| Autor principal: | |
|---|---|
| Formato: | Libro |
| Lenguaje: | Undetermined |
| Publicado: |
Indianapolis
Sams
2004
|
| Materias: | |
| Etiquetas: |
Agregar Etiqueta
Sin Etiquetas, Sea el primero en etiquetar este registro!
|
| Thư viện lưu trữ: | Trung tâm Học liệu Trường Đại học Cần Thơ |
|---|
| LEADER | 00664nam a2200241Ia 4500 | ||
|---|---|---|---|
| 001 | CTU_93440 | ||
| 008 | 210402s9999 xx 000 0 und d | ||
| 020 | |c 389000 | ||
| 082 | |a 005.3 | ||
| 082 | |b S356 | ||
| 100 | |a Schmuller, Joseph | ||
| 245 | 0 | |a Sams teach yourself UML in 24 hours | |
| 245 | 0 | |c Joseph Schmuller | |
| 260 | |a Indianapolis | ||
| 260 | |b Sams | ||
| 260 | |c 2004 | ||
| 526 | |a Ngôn ngữ mô hình hóa | ||
| 526 | |b CT182 | ||
| 650 | |a Application software | ||
| 650 | |x Development | ||
| 904 | |i Giang | ||
| 910 | |a Sách đi kèm theo đĩa CD số: AV.001981 | ||
| 980 | |a Trung tâm Học liệu Trường Đại học Cần Thơ | ||